Statystyki dla Aktorzy filmowi w grach wideo

Kliknij tutaj aby rozwiązać quiz!

Ogólne statystyki

  • Ten quiz został rozwiązany 42 razy
  • Średni wynik to 3 z 16

Statystyki odpowiedzi

Gra:Aktor:% Poprawnych
Cyberpunk 2077Keanu Reeves
87%
Death StrandingNorman Reedus
45%
Call of Duty: Advanced WarfareKevin Spacey
32%
Untill DownRami Malek
29%
Death StrandingMads Mikkelsen
18%
Beyond: Two SoulsWillem Dafoe
16%
ObserverRutger Hauer
13%
Beyond: Two SoulsEllen Paige
11%
MediumMarcin Dorociński
11%
ObserverArkadiusz Jakubik
5%
Untill DownPeter Stormare
5%
Command & Conquer: Red Alert 3Tim Curry
5%
Call of Duty: World at WarGarry Oldman
3%
Command & Conquer: Red Alert 3Jonathan Pryce
3%
Command & Conquer: Red Alert 3David Hasselhoff
0%
Call of Duty: World at WarKiefer Sutherland
0%

Rozkład punktacji

Percentyl według liczby udzielonych odpowiedzi

Procent ludzi z każdym wynikiem

Twoja historia wyników

Nie rozwiązałeś tego quizu